| 000 | 00636nam a2200241Ia 4500 | ||
|---|---|---|---|
| 001 | 21722 | ||
| 003 | GE_BSU | ||
| 008 | 181216s||||||||xx |||||||||||||| ||und|| | ||
| 020 | _a9783929526929 | ||
| 040 | _cGE_BSU | ||
| 080 | _a811.112 | ||
| 100 | _aBuscha, Anne. Szita, Szilvia | ||
| 245 | _aBegegnungen. Deutsch als fremdsprache. B1+ | ||
| 245 | _bIntegriertes Kurs-und Arbeitsbuch | ||
| 260 | _aLeipzig | ||
| 260 | _bSchubert-Verlag | ||
| 260 | _c2008 | ||
| 300 | _a266 p. 30 cm. | ||
| 541 | _h8 ლ. 65თ. | ||
| 653 | _aBegegnungen. Deutsch als fremdsprache | ||
| 653 | _aIntegriertes Kurs-und Arbeitsbuch | ||
| 942 | _cBK | ||
| 999 |
_c54655 _d54655 |
||